Liedtext von der Wacht am Rhein - Statistiken

Allgemein
  • Dieses Quiz wurde 9 mal gespielt
  • Das Durchschnittsergebnis liegt bei 178 aus 317
Antwortstatistiken
Wort % Korrekt
am
100%
Rhein,
100%
Rhein.
100%
Rhein
100%
Wacht,
100%
Wacht
100%
die
88%
sein?
75%
sein.
75%
sein,
75%
Sein.
75%
Es
63%
es
63%
steht
63%
und
63%
Und
63%
Wer
63%
will
63%
Zum
63%
zum
63%
alle
50%
den
50%
Der
50%
des
50%
deutsch
50%
Deutsche,
50%
deutschen
50%
ein
50%
Fest
50%
Lieb
50%
lieb
50%
magst
50%
ruhig
50%
treu
50%
Vaterland
50%
an
38%
Donnerhall,
38%
Du
38%
du
38%
eine
38%
Er
38%
Hüter
38%
im
38%
in
38%
ist
38%
mit
38%
noch
38%
Ruf
38%
Stromes
38%
wie
38%
wir
38%
wo
38%
Augen
25%
braust
25%
Durch
25%
Herz
25%
hier
25%
ja
25%
kein
25%
mein
25%
meine
25%
nicht.
25%
Schwertgeklirr
25%
schwört
25%
Wasser
25%
Wind.
25%
Woge
25%
Wogenprall:
25%
wollen
25%
aller
13%
Arm
13%
beschützt
13%
betritt
13%
bieder,
13%
bleibst
13%
blickt
13%
blitzen
13%
Blut
13%
bricht,
13%
Brust.
13%
Büchse
13%
Degen
13%
deine
13%
deinen
13%
Deutschland
13%
doch
13%
drum
13%
erschallt,
13%
Fahnen
13%
Faust
13%
Feind
13%
flattern
13%
Flut,
13%
fromm
13%
glüht,
13%
heilge
13%
Heldenblut.
13%
Heldenväter
13%
hell.
13%
Himmelsaun,
13%
hinauf
13%
hoch
13%
hunderttausend
13%
Kampfeslust:
13%
Landesmark.
13%
niederschaun
13%
ob
13%
Reich
13%
rinnt,
13%
schnell
13%
Schwur
13%
Solang
13%
spannt,
13%
stark,
13%
stolzer
13%
Strand.
13%
Tode
13%
Tropfen
13%
Welscher
13%
wirst
13%
zieht
13%
zuckt
13%
Keine übereinstimmenden Quizze gefunden
Verteilung der Resultate
Anzahl Personen mit jedem Resultat
Perzentil nach korrekt beantworteten Fragen
Ihre Resultats-Entwicklung
Sie haben dieses Quiz noch nicht gespielt